| 000 | 00619cam a22002051 4500 | ||
|---|---|---|---|
| 001 | af 48000664 | ||
| 003 | DLC | ||
| 005 | 20260227110844.0 | ||
| 008 | 800822s1944 ne 000 0 dut c | ||
| 010 | _aaf 48000664 | ||
| 035 | _a(OCoLC)6646201 | ||
| 040 |
_aUnion Theol. Sem. Libr. _cTNJ _dDLC |
||
| 042 | _apremarc | ||
| 050 | 0 | 0 |
_aBX9474 _b.B62 |
| 100 | 1 |
_aBouwman, M., _d1901- |
|
| 245 | 1 | 0 |
_aTweeƫrlei kerkrecht? _bHet zoogenaamde oude kerkrecht, noch oud, noch gereformeerd. |
| 260 |
_aAmsterdam, _bS.J.P. Bakker, _c1944. |
||
| 300 |
_a72 p. _c25 cm. |
||
| 610 | 2 | 0 |
_aGereformeerde Kerken in Nederland _xGovernment. |
| 999 |
_c4159 _d4159 |
||